Sarepta III : the imported Bronze and Iron Age wares from area II, X : the University Museum of the University of Pennsylvania excavations at Sarafand, Lebanon /

محفوظ في:

المؤلف الرئيسي: Koehl, Robert B. (مؤلف)

مؤلف مشترك: University of Pennsylvania.‪ University Museum.

التنسيق: كتاب

اللغة: English

منشور في: Beyrouth : [Université libanaise] : Libraire orientale, 1985.

سلاسل: Publications de lʾUniversité libanaise. Section des études archéologiques ; 2.

الموضوعات:

الوسوم: إضافة وسم

لا توجد وسوم, كن أول من يضع وسما على هذه التسجيلة!

رقم الطلب: DS89 .S37 K63 1985

LEADER 01309namaa2200325 4500
001 21849
003 OSt
005 20250409102501.0
008 130303s1985 le ab g b 001 0 eng d
010 |a 86961989 
040 |c ARCE Library 
043 |a a-le--- 
050 4 |a DS89 .S37 K63 1985 
100 1 |a Koehl, Robert B.,  |e author  |9 34074 
245 1 0 |a Sarepta III :   |b the imported Bronze and Iron Age wares from area II, X : the University Museum of the University of Pennsylvania excavations at Sarafand, Lebanon /   |c Robert B. Koehl. 
264 1 |a Beyrouth :   |b [Université libanaise] :   |b Libraire orientale,   |c 1985. 
300 |a 209 pages :   |b illustrations, map ;   |c 25 cm. 
490 0 |a Publications de lʾUniversité libanaise. Section des études archéologiques ;   |v 2. 
504 |a Includes bibliographical references (pages 192-204) and index. 
555 |a wafaa.lib 
650 0 |a Pottery  |z Lebanon  |z Zarephath (Extinct city) 
650 0 |a Bronze age  |z Lebanon  |z Zarephath (Extinct city) 
650 0 |a Iron age  |z Lebanon  |z Zarephath (Extinct city) 
651 0 |a Zarephath (Extinct city)  |9 19308 
651 0 |a Lebanon   |x Antiquities, Phoenician. 
710 2 |a University of Pennsylvania.‪  |b University Museum. 
740 0 |a Sarepta four. 
901 |a reviewed 
942 |c BK  |2 lcc 
999 |c 21463  |d 21463